Fundamentos básicos de nutrición vegetal, aplicados a la producción de uva de mesa

Spremljeno u:
Bibliografski detalji
Autor kompanije: Soquimich Comercial (Autor)
Format: Knjiga
Jezik:španjolski
Izdano: Santiago SQM 2002
Serija:Uva de Mesa
Teme:
Oznake: Dodaj oznaku
Bez oznaka, Budi prvi tko označuje ovaj zapis!

MARC

LEADER 00000nam a2200000 a 4500
001 UCL5850
003 CL-VaPUC
008 040319e20020000CL |||||||||||||||||spa|d
082 0 4 |a 634.8  |b SOQ  |2 21 
110 2 |a Soquimich Comercial  |e author  |9 483549 
245 1 0 |a Fundamentos básicos de nutrición vegetal, aplicados a la producción de uva de mesa 
300 |a 18 p 
942 |c BK 
945 |d 20040319 00:00:00  |a cmena 
260 |a Santiago  |b SQM  |c 2002 
650 0 |a Uva de mesa   |9 405867 
650 0 |a Fruticultura  |9 259678 
650 0 |a Nutrición vegetal  |9 356885 
583 |a last modification  |c 20040319 00:00:00  |k Rodrigo Vera 
490 0 |a Uva de Mesa 
999 |c 308231  |d 308229 
952 |0 0  |1 0  |4 0  |6 634_800000000000000_SOQ_2002  |7 0  |8 A  |9 374573  |a BIBAGR  |b BIBAGR  |d 2019-11-21  |i 3994945  |o 634.8 SOQ 2002  |p 3994945  |r 2025-01-20  |w 2019-11-21  |y BK  |k AGR